Casuística oto-rino-laringológica (Record no. 54448)

MARC details
000 -LEADER
campo de control de longitud fija 00656nam a22001815i 4500
001 - NÚMERO DE CONTROL
campo de control 54448
003 - IDENTIFICADOR DE NÚMERO DE CONTROL
campo de control ES-MaACL
007 - CAMPO FIJO DE DESCRIPCIÓN FÍSICA--INFORMACIÓN GENERAL
campo de control de longitud fija t|
008 - DATOS DE LONGITUD FIJA--INFORMACIÓN GENERAL
campo de control de longitud fija 960722s1898 sp ||||1| spa d
040 ## - FUENTE DE CATALOGACIÓN
Centro catalogador/agencia de origen CAM
Lengua de catalogación spa
Centro/agencia transcriptor CAM
100 1# - ENTRADA PRINCIPAL--NOMBRE DE PERSONA
Nombre de persona Forns, Rafael María.
9 (RLIN) 51796
245 10 - MENCIÓN DEL TÍTULO
Título Casuística oto-rino-laringológica
Resto del título : conferencias con presentación de enfermos dadas en la Escuela Práctica de Especialidades Médicas /
Mención de responsabilidad, etc. por el Dr. Forns.
250 ## - MENCION DE EDICION
Mención de edición 2ª ed.
260 ## - PUBLICACIÓN, DISTRIBUCIÓN, ETC.
Lugar de publicación, distribución, etc. Madrid :
Nombre del editor, distribuidor, etc. [s.n.],
Fecha de publicación, distribución, etc. 1898 (
Fabricante Establecimiento tipográfico Sucesores de Cuesta)
300 ## - DESCRIPCIÓN FÍSICA
Extensión [2], 56 p. ;
Dimensiones 20 cm.
650 14 - PUNTO DE ACCESO ADICIONAL DE MATERIA--TÉRMINO DE MATERIA
Término de materia o nombre geográfico como elemento de entrada Otorrinolaringología.
9 (RLIN) 15780
852 ## - LOCALIZACIÓN
Ubicación ES-MaACL
Número de control de estantería T-929-F-1
Holdings
Estatus retirado Estado de pérdida Estado de daño No para préstamo Colección Biblioteca de origen Biblioteca actual Ubicación en estantería Fecha de adquisición Fuente de adquisición Total de préstamos Signatura topográfica completa Código de barras Visto por última vez Precio de reemplazo Tipo de ítem Koha
        Colección de folletos Biblioteca del Ateneo de Madrid Biblioteca del Ateneo de Madrid Depósito folletos 17/01/2008     T-929-F-1 1057215 23/02/2023 23/02/2023 Folleto